Некоторые аспекты определения понятия "новая техника"; Известия Томского политехнического института [Известия ТПИ]; Т. 219 : Новые принципы хозяйствования в сфере научных исследований

Bibliografiske detaljer
Parent link:Известия Томского политехнического института [Известия ТПИ]/ Томский политехнический институт (ТПИ).— , 1944-1976
Т. 219 : Новые принципы хозяйствования в сфере научных исследований.— 1969.— [С. 36-42]
Hovedforfatter: Андреев А. В.
Summary:Заглавие с титульного листа
Электронная версия печатной публикации
Sprog:russisk
Udgivet: 1969
Fag:
Online adgang:Черно-белая версия для предварительного просмотра
Цветная версия без потери качества
Format: MixedMaterials Electronisk Book Chapter
KOHA link:https://koha.lib.tpu.ru/cgi-bin/koha/opac-detail.pl?biblionumber=225823

MARC

LEADER 00000nla2a2200000 4500
001 225823
005 20231031201035.0
035 |a (RuTPU)RU\TPU\book\246184 
035 |a RU\TPU\book\246183 
090 |a 225823 
100 |a 20121115d1969 k y0rusy50 ca 
101 0 |a rus 
102 |a RU 
135 |a drnn ---uucaa 
181 0 |a i  
182 0 |a b 
200 1 |a Некоторые аспекты определения понятия "новая техника"  |b Электронный ресурс  |f А. В. Андреев 
203 |a Текст  |c электронный 
215 |a 2 файла (2.1 Мб, 29 Мб) 
230 |a Электронные текстовые данные (2 файла : 2.1 Мб, 29 Мб) 
300 |a Заглавие с титульного листа 
300 |a Электронная версия печатной публикации 
337 |a Adobe Reader 
461 1 |0 (RuTPU)RU\TPU\book\200995  |t Известия Томского политехнического института [Известия ТПИ]  |f Томский политехнический институт (ТПИ)  |d 1944-1976 
463 1 |0 (RuTPU)RU\TPU\book\246176  |t Т. 219 : Новые принципы хозяйствования в сфере научных исследований  |v [С. 36-42]  |d 1969  |p 99 с. 
610 1 |a электронный ресурс 
610 1 |a труды учёных ТПУ 
700 1 |a Андреев  |b А. В. 
801 1 |a RU  |b 63413507  |c 20090320  |g PSBO 
801 2 |a RU  |b 63413507  |c 20130226  |g PSBO 
856 4 |u http://www.lib.tpu.ru/fulltext/v/Bulletin_TPU/1969/v219/05_bw.pdf  |z Черно-белая версия для предварительного просмотра 
856 4 |u http://www.lib.tpu.ru/fulltext/v/Bulletin_TPU/1969/v219/05_full.pdf  |z Цветная версия без потери качества 
942 |c CF